The Eagle and Maximilian Stamps of Mexico
Saved in:
| Main Author: | |
|---|---|
| Format: | Book |
| Language: | English |
| Published: |
Londres
Stanley Gibbons
1912
|
| Edition: | 1a. ed |
| Subjects: | |
| Tags: |
Add Tag
No Tags, Be the first to tag this record!
|
MARC
| LEADER | 00000nam a2200000 a 4500 | ||
|---|---|---|---|
| 001 | UCJ6772 | ||
| 003 | CL-VaPUC | ||
| 008 | 070124e19120000UK |||||||||||||||||eng|d | ||
| 082 | 0 | 4 | |a 769 |b CHA |2 21 |
| 100 | 0 | |a Chapman, S. |e author |9 514071 | |
| 245 | 1 | 4 | |a The Eagle and Maximilian Stamps of Mexico |
| 250 | |a 1a. ed | ||
| 300 | |a 147 p | ||
| 942 | |c BK | ||
| 945 | |d 20070124 00:00:00 |a rinostro | ||
| 260 | |a Londres |b Stanley Gibbons |c 1912 | ||
| 650 | 7 | |a FILATELIA |2 CL-VaPUC |9 353211 | |
| 650 | 7 | |a CATALOGO |2 CL-VaPUC |9 381466 | |
| 651 | 0 | |a México |9 255269 | |
| 583 | |a last modification |c 20070124 00:00:00 |k Rodrigo Vera | ||
| 999 | |c 322874 |d 322872 | ||
| 952 | |0 0 |1 0 |4 0 |6 769_000000000000000_CHA_1912 |7 0 |8 X |9 402005 |a FDOBUD |b FDOBUD |d 2019-11-22 |i 1052683 |o 769 CHA 1912 |p 1052683 |r 2019-11-22 |w 2019-11-22 |y BK_X |k BUD | ||